|
|
|
|
| LEADER |
01343nam a2200301 a 4500 |
| 001 |
4902 |
| 003 |
BD-DhAAL |
| 008 |
090504s1989 couab b 001 0 eng d |
| 999 |
|
|
|c 377
|d 377
|
| 010 |
|
|
|a \\\89016424
|
| 020 |
|
|
|a 0813377293 (alk. paper)
|
| 040 |
|
|
|a DNLM/DLC
|c DLC
|d DLC
|d BD-DhAAL
|
| 082 |
0 |
0 |
|a 614.521
|2 20
|
| 100 |
1 |
|
|a Hopkins, Jack W.
|9 41854
|
| 245 |
1 |
4 |
|a The eradication of smallpox :
|b organizational learning and innovation in international health /
|c Jack W. Hopkins.
|
| 260 |
|
|
|a Boulder, Colo. :
|b Westview Press,
|c 1989.
|
| 300 |
|
|
|a xi, 139 pages :
|b illustrations, maps ;
|c 23 cm.
|
| 490 |
|
0 |
|a Westview special studies in health care and medical science
|
| 504 |
|
|
|a Includes bibliographical references and index.
|
| 541 |
1 |
|
|e 4902
|
| 650 |
|
0 |
|a Smallpox
|x Prevention
|x International cooperation.
|9 41855
|
| 650 |
|
0 |
|a Organizational behavior.
|9 41856
|
| 650 |
|
2 |
|a International Cooperation.
|9 41857
|
| 650 |
|
2 |
|a Smallpox
|x prevention & control.
|9 41858
|
| 830 |
|
|
|a Westview special studies in health care and medical science
|9 41859
|
| 852 |
4 |
|
|a Ayesha Abed Library
|j General Stacks
|
| 942 |
|
|
|2 ddc
|c BK
|
| 952 |
|
|
|0 0
|1 0
|2 ddc
|4 0
|6 614_521000000000000_HOP
|7 0
|8 NFIC
|9 341
|a BRACUL
|b BRACUL
|c GEN
|d 2009-05-04
|g 0.00
|l 2
|m 13
|o 614.521 HOP
|p 3010004902
|r 2012-10-15
|s 2012-10-15
|t 1
|w 2009-05-04
|y BK
|x No price found in the accession register.
|